000
00344nam a2200145Ia 4500
008
100122s9999 xx 000 0 und d
082
_b
10558
_a
823
100
_a
PASTERNAK B
245
_a
DOCTOR ZHIVAGO
260
_b
COLLINS & HARVILL PRESS
_c
1958
300
_a
50
630
_a
DOCTOR ZHIVAGO
730
_a
DOCTOR ZHIVAGO
942
_c
BOOK
999
_c
444131
_d
444128